Normal view
MARC view
Entry Topical Term
001 - CONTROL NUMBER
- control field: 29037
003 - CONTROL NUMBER IDENTIFIER
- control field: OSt
005 - DATE AND TIME OF LATEST TRANSACTION
- control field: 20241009102714.0
008 - FIXED-LENGTH DATA ELEMENTS
- fixed length control field: 241009|| aca||aabn | a|a d
040 ## - CATALOGING SOURCE
- Original cataloging agency: OSt
- Transcribing agency: OSt
150 ## - HEADING--TOPICAL TERM
- Topical term or geographic name entry element: Action and adventure fiction
- Form subdivision: Assassins juvenile fiction
- Form subdivision: Fantasy
- Form subdivision: Father and sons juvenile fiction
- Form subdivision: Humorous fiction
- Form subdivision: Spy fiction
670 ## - SOURCE DATA FOUND
- Source citation: Work cat.: (OSt): Yajima, Aya; Endo, Tatsuya. 29036, Spy x family: family portrait / , 2023.